000 00466nam a2200157Ia 4500
999 _c19544
_d19544
003 OSt
005 20200618121212.0
008 190216s9999||||xx |||||||||||||| ||und||
040 _coclc
082 _a954
_bBHA/G
100 _aBhattacharya, Bhabani
_93045
245 0 _aGlimpses Of Indian History /
_cBhabani Bhattacharya
260 _bSterling Publications,
_c1980.
_aNew Delhi:
300 _a280p
942 _cBK
_2ddc
_h954
_iBHA/G
_k954
_mBHA/G